000 00713nam a2200205 i 4500
001 99610
003 ES-MaACL
005 20230906182527.0
007 t|
008 050913s1968 sp ||||1| spa d
100 1 _aMartínez-Barbeito, Carlos,
_d1913-1997
_977884
245 1 0 _aPerfil histórico-económico de La Coruña /
_cCarlos Martínez-Barbeito.
260 _aLa Coruña :
_b[s.n.],
_c1968.
300 _a14 p. :
_bil. ;
_c27 cm.
500 _aEs tirada aparte de "Banco de la Coruña. Bodas de Oro". 1918-1968, p. 43-70.
650 4 _aEconomía-
_zLa Coruña-
_vHistoria.
_9157713
651 4 _aLa Coruña-
_xHistoria.
_9157714
852 _aES-MaACL
_j2065-F-25
_bR.66898
999 _c99610
_d99610